Word Ladder - From Angel To Devil - Statistics

General Stats
  • This quiz has been taken 136 times
  • The average score is 9 of 13
Answer Stats
Hint Answer % Correct
A messenger of god Angel
99%
A strong feeling of annoyance Anger
90%
She wears Prada Devil
79%
An edible organ Liver
73%
At a future time Later
72%
Unit of volume equal to 1kg of fluid Liter
71%
Someone who consumes food Eater
70%
Pull this on a slot machine Lever
66%
Completely flat Level
64%
To be keen Eager
59%
Victorian word: To strike with force Devel
58%
Someone who collects birds offspring Egger
27%
A mound of earth and stones Agger
25%
No matching quizzes found
Score Distribution
Percent of People with Each Score
Percentile by Number Answered
Your Score History
You have not taken this quiz